LEADER 00844nam0-22002891i-450- 001 990007171750403321 005 20041123160118.0 035 $a000717175 035 $aFED01000717175 035 $a(Aleph)000717175FED01 035 $a000717175 100 $a20021021d1982----km-y0itay50------ba 101 0 $aita 200 1 $a<>origine dell'uomo$eselezione, adattamento, evoluzione$fPatrizia Messeri, Francesco Dessi 210 $aRoma$cEditori Riuniti$d1982 215 $a268 p.$d20 cm 225 1 $aUniversale$iScienza e tecnica$v64 676 $a573.2 700 1$aMesseri,$bPatrizia$0263176 701 1$aDessi,$bFrancesco$0263177 801 0$aIT$bUNINA$gRICA$2UNIMARC 901 $aBK 912 $a990007171750403321 952 $aZ-12$b287 ECONOMATO$fDDRC 959 $aDDRC 996 $aOrigine dell'uomo$9690273 997 $aUNINA LEADER 01214nam0-2200397li-450 001 990000160390203316 005 20180312154823.0 010 $a88-7056-211-5 035 $a0016039 035 $aUSA010016039 035 $a(ALEPH)000016039USA01 035 $a0016039 100 $a20001109d197-----km-y0itay0103----ba 101 0 $aita 102 $aIT 200 1 $aLinguaggio C$fBrian W. Kernighan, Dennis M. Ritchie 210 $aMilano$cJackson$d[197-?] 215 $aXII, 227 p.$cill.$d24 cm 610 1 $alinguaggio c 676 $a005133$9Specifici linguaggi di programmazione 700 1$aKERNIGHAN,$bBrian W.$06059 702 1$aRitchie,$bDennis M. 801 $aSistema bibliotecario di Ateneo dell' Università di Salerno$gRICA 912 $a990000160390203316 951 $a005.133 KER$b0012790$c005.133$d00103795 959 $aBK 969 $aSCI 979 $c19910314 979 $c20001110$lUSA01$h1712 979 $aALANDI$b90$c20010320$lUSA01$h1756 979 $aALANDI$b90$c20010320$lUSA01$h1756 979 $c20020403$lUSA01$h1623 979 $aPATRY$b90$c20040406$lUSA01$h1612 979 $aPATRY$b90$c20061016$lUSA01$h1748 996 $aLinguaggio C$9261759 997 $aUNISA